Quiz série HPI - Statistiques

Statistiques générales
  • Ce quiz a été pris 716 fois
  • Le résultat moyen est 10 sur 15
Statistiques - réponses
Questions Réponses % Correct
combien il y a de saisons 4
98%
Combien de pères potentiels y a-t-il pour le futur bébé de Morgane ? 3
90%
Quel était le métier de Morgane avant de devenir consultante pour la police ? Femme de ménage
86%
Quel est le nom de famille de Morgane ? Alvaro
84%
Qui incarne Morgane ? Audrey Fleurot
79%
De quoi Morgane est-elle atteinte, qui l'aide à résoudre les enquêtes ? HPI
79%
Dans quelle ville la série est-elle tournée ? Lille
76%
Chez qui Morgane a-t-elle été hébergée quand son plafond s'est écroulé ? Gilles
67%
De combien est le QI de Morgane ? 160
64%
Comment s'appelle le fils de Morgane Eliott
60%
Comment s'appelle le père de sa fille disparu ? Romain
58%
Comment s'appelle la copine de Karadec Roxane
54%
Quel est le nom de famille de Céline ? Hazan
35%
Comment le frère de Karadec est-il devenu handicapé Il est tombé
11%
Comment s'appelle le copain de Céline dans la saison 3 ? Pierre-emmanuel
10%
Aucun quiz correspondant
Distribution des résultats
% des personnes avec chaque résultat
Percentile par nombre de réponses
Votre historique - résultats
Vous n’avez pas pris ce quiz